| 000 | 00855nam a22003131i 4500 | ||
|---|---|---|---|
| 999 |
_c749 _d749 |
||
| 001 | 020427133 | ||
| 003 | UkOxU | ||
| 005 | 20191206094840.0 | ||
| 008 | 150518s2015 enk j 000|f|eng|d | ||
| 015 |
_aGBB588409 _2bnb |
||
| 016 | 7 |
_a017434846 _2Uk |
|
| 020 | _a9780552573146 (pbk.) : | ||
| 035 | _a(Uk)017434846 | ||
| 040 |
_aStDuBDS _beng _erda _cStDuBDS _dUk |
||
| 042 | _aukblsr | ||
| 082 | _aFIC STR | ||
| 100 | 1 |
_aStroud, Jonathan, _eauthor. |
|
| 245 | 1 | 4 |
_aThe hollow boy / _cJonathan Stroud. |
| 264 | 1 |
_aLondon : _bCorgi Children's, _c2015. |
|
| 300 |
_a435 pages ; _c20 cm. |
||
| 336 |
_atext _2rdacontent |
||
| 337 |
_aunmediated _2rdamedia |
||
| 338 |
_avolume _2rdacarrier |
||
| 490 | 0 |
_aLockwood & Co. ; _vBook 3 |
|
| 500 |
_aFormerly CIP. _5Uk |
||
| 655 | 0 | _aParanormal fiction. | |
| 655 | 0 | _aChildren's stories. | |
| 942 |
_2ddc _cFIC |
||